[Event "Leiden SB-chA"]
[Site "Leiden"]
[Date "2014.06.17"]
[Round "6"]
[White "De Jeu, Marcel"]
[Black "Oosterom, Erik"]
[Result "0-1"]
[WhiteElo "1965"]
[BlackElo "2022"]
[PlyCount "76"]
[EventDate "2014.05.13"]
[EventType "swiss"]
[EventRounds "7"]
[EventCountry "NED"]
[SourceTitle "EXT 2015"]
[Source "ChessBase"]
[SourceDate "2014.11.20"]
[SourceVersion "1"]
[SourceVersionDate "2014.11.20"]
[SourceQuality "1"]

1. c4 c6 2. g3 d5 3. Bg2 Nf6 4. Nf3 Bg4 5. cxd5 cxd5 6. Ne5 Bc8 7. 0-0 Nbd7 8. Nf3 e5 9. d3 Bd6 10. Bg5 h6 11. Bxf6 Nxf6 12. Nc3 0-0 13. Rc1 Bd7 14. Qb3 Qa5 15. d4 e4 16. Ne5 Be6 17. Qb5 Qxb5 18. Nxb5 Bxe5 19. dxe5 Nd7 20. Rc7 Nxe5 21. Rfc1 Rfc8 22. Rxc8+ Rxc8 23. Rxc8+ Bxc8 24. Nd6 Bg4 25. Kf1 b6 26. Nb5 a5 27. Nc7 Be6 28. f3 exf3 29. exf3 Nd3 30. f4 d4 31. Bd5 Bxd5 32. Nxd5 b5 33. Ke2 Nxb2 34. Ne7+ Kf8 35. Nc6 d3+ 36. Kd2 a4 37. Kc3 a3 38. Nb4 Ke7 0-1

[Event "Leiden SB-ch"]
[Site "Leiden"]
[Date "2012.06.26"]
[Round "7"]
[White "Polak, Alexander"]
[Black "De Jeu, Marcel"]
[Result "1-0"]
[WhiteElo "1852"]
[BlackElo "1929"]
[PlyCount "59"]
[EventDate "2012.05.15"]
[EventType "swiss"]
[EventRounds "7"]
[EventCountry "NED"]
[SourceTitle "EXT 2018"]
[Source "ChessBase"]
[SourceDate "2017.10.13"]
[SourceVersion "1"]
[SourceVersionDate "2017.10.13"]
[SourceQuality "1"]

1. e4 d6 2. d4 Nf6 3. Nc3 g6 4. f4 Bg7 5. Nf3 0-0 6. Bd3 Na6 7. 0-0 c5 8. d5 Bg4 9. Bxa6 bxa6 10. h3 Bxf3 11. Qxf3 Rb8 12. Rb1 Nd7 13. Bd2 Qc7 14. Qe2 c4 15. f5 Ne5 16. Nd1 a5 17. Ne3 a4 18. Bc3 Rfc8 19. a3 Nd7 20. fxg6 hxg6 21. Qf2 Rf8 22. Bxg7 Kxg7 23. Nf5+ gxf5 24. Qg3+ Kh8 25. Qh4+ Kg7 26. Qg5+ Kh8 27. Rf4 Nf6 28. Rh4+ Nh7 29. Qh6 a6 30. Qxh7# 1-0

[Event "Leiden SB-ch"]
[Site "Leiden"]
[Date "2012.05.23"]
[Round "2"]
[White "De Jeu, Marcel"]
[Black "Straver, Robert"]
[Result "1-0"]
[WhiteElo "1929"]
[BlackElo "2107"]
[PlyCount "73"]
[EventDate "2012.05.15"]
[EventType "swiss"]
[EventRounds "7"]
[EventCountry "NED"]
[SourceTitle "EXT 2018"]
[Source "ChessBase"]
[SourceDate "2017.10.13"]
[SourceVersion "1"]
[SourceVersionDate "2017.10.13"]
[SourceQuality "1"]

1. c4 Nf6 2. g3 e6 3. Bg2 d5 4. Nf3 dxc4 5. Qa4+ Nbd7 6. Qxc4 a6 7. d3 b5 8. Qc6 Rb8 9. Bf4 Nd5 10. Qc1 Nxf4 11. Qxf4 Bd6 12. Qc1 0-0 13. Nd4 Ne5 14. Nc6 Nxc6 15. Bxc6 Bb4+ 16. Nd2 Qd6 17. Bf3 c5 18. 0-0 f5 19. Nb3 Bd7 20. a3 c4 21. dxc4 bxc4 22. Rd1 Qe7 23. Qxc4 Bd6 24. Qxa6 Be5 25. Qa7 Rxb3 26. Rxd7 Qf6 27. a4 Rxb2 28. Rad1 f4 29. a5 fxg3 30. hxg3 Qg6 31. Rd8 Rb1 32. Rxf8+ Kxf8 33. Rxb1 Qxb1+ 34. Kg2 Qb8 35. Qe3 Bc7 36. Qxe6 g6 37. Qf6+ 1-0

[Event "Leiden SB-ch"]
[Site "Leiden"]
[Date "2011.06.28"]
[Round "7"]
[White "Bakker, Joop"]
[Black "De Jeu, Marcel"]
[Result "1/2-1/2"]
[WhiteElo "1816"]
[BlackElo "1960"]
[PlyCount "81"]
[EventDate "2011.05.17"]
[EventType "swiss"]
[EventRounds "7"]
[EventCountry "NED"]
[SourceTitle "EXT 2012"]
[Source "ChessBase"]
[SourceDate "2011.11.24"]
[SourceVersion "1"]
[SourceVersionDate "2011.11.24"]
[SourceQuality "1"]

1. b3 e5 2. Bb2 Nc6 3. e3 Nf6 4. Nf3 d6 5. d4 exd4 6. Nxd4 Bd7 7. c4 Nxd4 8. Qxd4 Bc6 9. Nc3 Be7 10. Nd5 Bxd5 11. cxd5 0-0 12. Be2 Ne8 13. Bf3 Bf6 14. Qd2 Bxb2 15. Qxb2 Qf6 16. Qxf6 Nxf6 17. Rc1 Rac8 18. 0-0 Rfe8 19. g3 Re5 20. Rfd1 g5 21. Rd4 Kg7 22. Rdc4 Re7 23. h4 h6 24. hxg5 hxg5 25. Kf1 Kg6 26. Rb4 Rb8 27. Rbc4 Rc8 28. Rd4 Kf5 29. Be2 g4 30. Rcc4 Rg8 31. Rf4+ Kg6 32. Rcd4 Re5 33. Bxg4 Nxd5 34. Rfe4 Rxe4 35. Rxe4 Rf8 36. Rd4 Nf6 37. Bf3 Rb8 38. Rb4 b6 39. Rd4 Kf5 40. Ke2 Ke5 41. Ra4 1/2-1/2

[Event "Leiden SB-ch"]
[Site "Leiden"]
[Date "2011.06.15"]
[Round "5"]
[White "Van den Bosse, Bart"]
[Black "De Jeu, Marcel"]
[Result "1/2-1/2"]
[WhiteElo "1802"]
[BlackElo "1960"]
[PlyCount "46"]
[EventDate "2011.05.17"]
[EventType "swiss"]
[EventRounds "7"]
[EventCountry "NED"]
[SourceTitle "EXT 2012"]
[Source "ChessBase"]
[SourceDate "2011.11.24"]
[SourceVersion "1"]
[SourceVersionDate "2011.11.24"]
[SourceQuality "1"]

1. d4 d6 2. c4 e5 3. Nc3 exd4 4. Qxd4 Nc6 5. Qd2 g6 6. b3 Bg7 7. Bb2 Nge7 8. g3 0-0 9. Bg2 Rb8 10. Nh3 a6 11. Nf4 b5 12. cxb5 axb5 13. Rc1 Ne5 14. Ncd5 Nxd5 15. Nxd5 Bb7 16. 0-0 Rc8 17. f4 Bxd5 18. Qxd5 c6 19. Qd2 Qb6+ 20. Bd4 Nf3+ 21. Rxf3 Qxd4+ 22. Qxd4 Bxd4+ 23. Kf1 Rfe8 1/2-1/2

[Event "Leiden SB-ch"]
[Site "Leiden"]
[Date "2011.06.07"]
[Round "4"]
[White "De Jeu, Marcel"]
[Black "Van Ketel, Raoul"]
[Result "0-1"]
[WhiteElo "1960"]
[BlackElo "2290"]
[PlyCount "68"]
[EventDate "2011.05.17"]
[EventType "swiss"]
[EventRounds "7"]
[EventCountry "NED"]
[SourceTitle "EXT 2012"]
[Source "ChessBase"]
[SourceDate "2011.11.24"]
[SourceVersion "1"]
[SourceVersionDate "2011.11.24"]
[SourceQuality "1"]

1. c4 Nf6 2. g3 e6 3. Bg2 d5 4. cxd5 exd5 5. Nf3 Bd6 6. 0-0 0-0 7. d4 Nbd7 8. Nc3 c6 9. b3 Re8 10. Nd2 Nf8 11. e4 Bb4 12. Bb2 Bxc3 13. Bxc3 dxe4 14. Re1 Nd5 15. Bb2 e3 16. Nc4 exf2+ 17. Kxf2 Rxe1 18. Qxe1 Bf5 19. Qe5 Qd7 20. Re1 Nb4 21. Be4 Bxe4 22. Qxe4 Ne6 23. a3 Ng5 24. Qb1 Nd5 25. h4 Ne6 26. Ne5 Qd6 27. Qf5 Nf6 28. Ng4 Nxg4+ 29. Qxg4 Qd5 30. Ba1 Rd8 31. Re5 Qxb3 32. d5 Qa2+ 33. Re2 Qxa1 34. dxe6 Qf6+ 0-1

[Event "Leiden SB-ch"]
[Site "Leiden"]
[Date "2010.06.22"]
[Round "6"]
[White "Weiland, Harro"]
[Black "De Jeu, Marcel"]
[Result "1/2-1/2"]
[WhiteElo "1934"]
[BlackElo "1912"]
[PlyCount "65"]
[EventDate "2010.05.18"]
[EventType "swiss"]
[EventRounds "7"]
[EventCountry "NED"]
[SourceTitle "EXT 2012"]
[Source "ChessBase"]
[SourceDate "2011.11.24"]
[SourceVersion "1"]
[SourceVersionDate "2011.11.24"]
[SourceQuality "1"]

1. e4 d6 2. d4 Nf6 3. Nc3 g6 4. f4 Bg7 5. e5 Nfd7 6. Be3 0-0 7. Nf3 c5 8. exd6 exd6 9. Be2 Nc6 10. 0-0 Re8 11. Bf2 Qa5 12. Re1 Nf6 13. Nb5 Ne4 14. Bc4 d5 15. Bxd5 Qxb5 16. Bxe4 Bg4 17. Bd5 Bxf3 18. Bxf3 Nxd4 19. Bxd4 Bxd4+ 20. Kh1 Qxb2 21. Rb1 Qc3 22. Bxb7 Bf2 23. Rf1 Rad8 24. Qf3 Qxf3 25. gxf3 Bd4 26. Rfe1 Kf8 27. c4 Rxe1+ 28. Rxe1 Re8 29. Re4 Rb8 30. Bc6 Rb2 31. Re8+ Kg7 32. a4 Rb4 33. Re7 1/2-1/2

[Event "Leiden SB-ch"]
[Site "Leiden"]
[Date "2010.06.15"]
[Round "5"]
[White "De Jeu, Marcel"]
[Black "Van Amsterdam, Jan"]
[Result "1-0"]
[WhiteElo "1912"]
[BlackElo "1776"]
[PlyCount "59"]
[EventDate "2010.05.18"]
[EventType "swiss"]
[EventRounds "7"]
[EventCountry "NED"]
[SourceTitle "EXT 2012"]
[Source "ChessBase"]
[SourceDate "2011.11.24"]
[SourceVersion "1"]
[SourceVersionDate "2011.11.24"]
[SourceQuality "1"]

1. e4 e6 2. d4 d5 3. e5 c5 4. c3 Nc6 5. Nf3 Nh6 6. a3 Qb6 7. b4 cxd4 8. cxd4 Nf5 9. Be3 Bd7 10. Bd3 Nxe3 11. fxe3 Be7 12. 0-0 Rc8 13. Nbd2 Qd8 14. Nb3 b6 15. Rc1 0-0 16. b5 Nb8 17. a4 Rxc1 18. Qxc1 Bb4 19. Qc2 h6 20. Qe2 Qe7 21. Rc1 Rc8 22. Bb1 Rxc1+ 23. Nxc1 Be8 24. Qc2 f5 25. exf6 gxf6 26. Qc8 Nd7 27. Bg6 Kf8 28. Bh5 f5 29. Nh4 Qxh4 30. Qxe8+ 1-0

[Event "Leiden SB-ch"]
[Site "Leiden"]
[Date "2010.05.18"]
[Round "1"]
[White "Wantola, Ivo"]
[Black "De Jeu, Marcel"]
[Result "1-0"]
[WhiteElo "2333"]
[BlackElo "1912"]
[PlyCount "101"]
[EventDate "2010.05.18"]
[EventType "swiss"]
[EventRounds "7"]
[EventCountry "NED"]
[SourceTitle "EXT 2012"]
[Source "ChessBase"]
[SourceDate "2011.11.24"]
[SourceVersion "1"]
[SourceVersionDate "2011.11.24"]
[SourceQuality "1"]

1. Nf3 d6 2. d4 g6 3. c4 Bg7 4. Nc3 Nc6 5. d5 Ne5 6. Nxe5 dxe5 7. e4 e6 8. c5 Ne7 9. Qa4+ Bd7 10. Qb3 exd5 11. exd5 b6 12. Bg5 h6 13. Bxe7 Qxe7 14. d6 Qd8 15. dxc7 Qxc7 16. cxb6 Qxb6 17. Qxb6 axb6 18. Nd5 Rb8 19. 0-0-0 Rc8+ 20. Kb1 Ba4 21. b3 Bc6 22. Nxb6 Rb8 23. Nd5 Bxd5 24. Rxd5 Ke7 25. Bc4 Rhd8 26. Rhd1 f5 27. a4 Rxd5 28. Bxd5 e4 29. Ka2 Bc3 30. Rc1 Bd4 31. Rc2 Kd6 32. Bf7 g5 33. Bg6 Ke5 34. Ka3 f4 35. a5 e3 36. fxe3 fxe3 37. b4 Rf8 38. Bh5 Rf2 39. Re2 Kd5 40. Kb3 Ba7 41. Kc3 Bd4+ 42. Kd3 Rf1 43. Bf3+ Ke5 44. Ra2 Rf2 45. Be2 Rxg2 46. a6 Ba7 47. Ra5+ Kd6 48. Rb5 Rxh2 49. Rb7 Bd4 50. b5 Bc5 51. b6 1-0